Historia de la civilización de Araucanía. Por Tomás Guevera. Tomo II: Arauco español
Guardat en:
| Autor principal: | |
|---|---|
| Format: | Llibre |
| Idioma: | espanyol |
| Publicat: |
Santiago
Imprenta, litografía i encuadernación Barcelona
1902
|
| Edició: | 1a. ed |
| Col·lecció: | Historia de la Civilización de Araucanía, II
|
| Matèries: | |
| Etiquetes: |
Afegir etiqueta
Sense etiquetes, Sigues el primer a etiquetar aquest registre!
|
MARC
| LEADER | 00000nam a2200000 a 4500 | ||
|---|---|---|---|
| 001 | UCJ5160 | ||
| 003 | CL-VaPUC | ||
| 008 | 070124e19020000CL |||||||||||||||||spa|d | ||
| 082 | 0 | 4 | |a 983 |b GUE |2 21 |
| 100 | 0 | |a Guevara, Tomás |e author |9 504561 | |
| 245 | 1 | 0 | |a Historia de la civilización de Araucanía. Por Tomás Guevera. Tomo II: Arauco español |
| 250 | |a 1a. ed | ||
| 300 | |a 672 p | ||
| 942 | |c BK | ||
| 945 | |d 20070124 00:00:00 |a rinostro | ||
| 260 | |a Santiago |b Imprenta, litografía i encuadernación Barcelona |c 1902 | ||
| 500 | |a P. 14, retrato de Pedro de Valdivia; otras ilustraciones en pp 52, 66, 172, 194, 294, 484 y 570 | ||
| 650 | 0 | |a Araucanos |9 314060 | |
| 650 | 0 | |a Etnografía |9 309735 | |
| 650 | 7 | |a INCAS |2 CL-VaPUC |9 256565 | |
| 650 | 0 | |a Guerra de Arauco |9 267618 | |
| 650 | 0 | |a Conquista |9 339504 | |
| 650 | 7 | |a COLONIA |2 CL-VaPUC |9 509998 | |
| 650 | 0 | |a Gobernadores |9 323856 | |
| 650 | 0 | |a Fundación de ciudades |9 396125 | |
| 650 | 0 | |a Cultura |9 269059 | |
| 650 | 0 | |a Vida social |9 337244 | |
| 650 | 0 | |a Misioneros |9 324171 | |
| 650 | 7 | |a NEGROS |2 CL-VaPUC |9 340345 | |
| 650 | 7 | |a PIRATAS |2 CL-VaPUC |9 317855 | |
| 650 | 7 | |a HOLANDESES |2 CL-VaPUC |9 504311 | |
| 650 | 7 | |a INGLESES |2 CL-VaPUC |9 509999 | |
| 650 | 0 | |a Agricultura |9 255598 | |
| 650 | 0 | |a Comercio |9 255341 | |
| 650 | 7 | |a INDUSTRIA |2 CL-VaPUC |9 315110 | |
| 650 | 7 | |a PARLAMENTOS |2 CL-VaPUC |9 383658 | |
| 650 | 0 | |a Ilustraciones |9 369481 | |
| 650 | 7 | |a PLANOS |2 CL-VaPUC |9 260106 | |
| 651 | 0 | |a Araucanía |9 257448 | |
| 651 | 7 | |a VILLARRICA |2 CL-VaPUC |9 443930 | |
| 651 | 7 | |a PUREN |2 CL-VaPUC |9 443928 | |
| 651 | 7 | |a TUCAPEL |2 CL-VaPUC |9 443927 | |
| 583 | |a last modification |c 20070124 00:00:00 |k Rodrigo Vera | ||
| 490 | 0 | |a Historia de la Civilización de Araucanía, II | |
| 999 | |c 321273 |d 321271 | ||
| 952 | |0 0 |1 0 |4 0 |6 983_000000000000000_GUE_1902 |7 0 |8 X |9 399974 |a FDOBUD |b FDOBUD |d 2019-11-22 |i 1030736 |o 983 GUE 1902 |p 1030736 |r 2019-11-22 |w 2019-11-22 |y BK_X |k BUD | ||